| 000 | 00691nam a2200157 a 4500 | ||
|---|---|---|---|
| 008 | 110912s1949 ||||||||||||||||| || u | ||
| 050 | _aRC 111 Han | ||
| 100 | _aKugelmass, Newton | ||
| 245 | 1 | 0 |
_aHandbook of the common acute infectious diseases _cadapted from Clinical pediatrics by Newton Kugelmass |
| 260 |
_aNew York: _bAuralgan research division _c1949 |
||
| 300 | _a89p.: ill. | ||
| 350 | _a0.00 | ||
| 650 | _aUROLOGIC DISEASES | ||
| 650 | _aCOMMUNICABLE DISEASES--HANDBOOKS, MANUALS, ETC | ||
| 995 |
_aMEDICAL LIBRARY OPEN ACCESS _D0.00 _e900493 _FCBU-SCHOOL OF MEDICINE LIBRARY (Ndola) _H1 _I0.00 _jREF RC 111 HAN _M1 _UAVAILABLE _WDec 7, 2011 _y900493 _ZMedical Library Open Access Collection |
||
| 999 |
_c31624 _d31624 |
||